Japan Geography by Letter-S - Statistics

General Stats
  • This quiz has been taken 168 times
    116 since last reset
  • The average score is 7 of 16
Answer Stats
Hint Answer % Correct
Largest city on Hokkaido Sapporo
88%
Famous alcoholic drink Sake
81%
Smallest of the 4 main islands Shikoku
75%
Nigiri, chirashi, maki Sushi
63%
Type of mushroom Shitake
58%
Famous crossing in Tokyo Shibuya
49%
Bullet Train Shinkansen
48%
Largest city in the Tohoku region Sendai
44%
Busiest railway station in the world Shinjuku
40%
Prefecture directly north of Tokyo Saitama
35%
Prefecture in Kyushu Saga
32%
Major Station and Bullet Train Stop in South Tokyo Shinagawa
25%
Island near Niigata Sado
22%
City in Yamaguchi prefecture Shimonoseki
21%
One of Japan's breweries Suntory
16%
Another famous alcoholic drink Shochu
11%
No matching quizzes found
Score Distribution
Percent of People with Each Score
Percentile by Number Answered
Your Score History
You have not taken this quiz since the last reset